000
00225 a2200097 4500
001
40823
100
_a
Muzaffar Warsi
245
_a
Lahore Ki Haryali
260
_a
Lahore
_b
Sange-e-Meel Publications
_c
090
_c
25085
_d
25085
942
_a
NUST-CAE
_c
M
_c
16764
999
_c
275896
_d
275896